000
00314pab a2200133 454500
008
180718b2015 xxu||||| |||| 00| 0 eng d
100
_a
Patnaik, Prabhat
245
_a
The Nehru Mahalanobis strategy
260
_c
2015
300
_a
p.3-10.
362
_a
Mar-Apr
773
_a
Social Scientist
909
_a
107784
999
_c
107779
_d
107779